The Egyptian Mediterranean : a traveler's guide /

محفوظ في:

المؤلف الرئيسي: Jobbins, Jenny (مؤلف)

مؤلفون آخرون: Megalli, Mary.

التنسيق: كتاب

اللغة: English

منشور في: Cairo : American University in Cairo Press, c1993.

الموضوعات:

الوسوم: إضافة وسم

لا توجد وسوم, كن أول من يضع وسما على هذه التسجيلة!

رقم الطلب: DT56.2 .J622 1993

LEADER 00823namaa2200241 4500
003 OSt
005 20260329124042.0
008 940127s1993 ua abf b 001 0 eng d
020 |a 9774243048 
040 |c ARCE Library 
043 |a f-ua--- 
050 4 |a DT56.2 .J622 1993 
100 1 |a Jobbins, Jenny,  |e author  |9 33285 
245 1 4 |a The Egyptian Mediterranean :   |b a traveler's guide /   |c Jenny Jobbins, Mary Megalli. 
264 1 |a Cairo :  |b American University in Cairo Press,  |c c1993. 
300 |a 169 pages, [8] pages of plates :   |b illustrations (some color), maps ;   |c 22 cm. 
504 |a Includes bibliographical references (pages 163-165) and index. 
651 0 |a Egypt  |x Description and travel. 
651 0 |a Egypt  |x Guidebooks. 
700 1 |a Megalli, Mary.  |9 35762 
901 |a reviewed 
942 |c BK  |2 lcc 
999 |c 2225  |d 2225